banner-ar

الفنادق / (Record no. 60807)

MARC details
000 -الفاتح
حقل البيانات ثابتة الطول 01073nam a22002657a 4500
005 - وقت وتاريخ اخر تعامل مع التسجيلة
رقم الضبط 20240530110429.0
008 - عناصر البيانات ثابتة الطول - معلومات عامة
حقل البيانات ثابتة الطول 150329s2003 su o f 001 0 ara d
017 ## - رقم الايداع القانونى
رقم الايداع القانونى 1424/999
المصدر ( الهيئة المختصة) السعودية . مكتبة الملك فهد
020 ## - الرقم الدولى المعيارى للكتب
الرقم الدولى المعيارى للكتاب 9960403076
040 ## - مصدر الفهرسة
وكالة الفهرسة الأصلية EG-CaGPL
082 04 - رقم تصنيف ديوى العشرى
رقم الطبعة 21
رقم التصنيف 331
رقم المادة ط/ف س
100 1# - المدخل الرئيسى - إسم شخصى
الإسم الشخصى فوكس ، ديبورا
الشكل الأكمل للاسم ديبورا فوكس
245 12 - بيان العنوان
العنوان الفنادق /
بيان المسئوليه,etc ديبورا فوكس ؛ مركز التعريب والترجمة بمكتبة العبيكان
250 ## - بيان الطبعة
بيان الطبعة ط1
260 ## - PUBLICATION, DISTRIBUTION, ETC. (IMPRINT)
تاريخ النشر أو التوزيع 2003
300 ## - الوصف المادى
التعداد 27 ص :
تفاصيل ماديه اخرى للوعاء صور لو ؛
أبعاد الوعاء 30 سم
490 0# - بيان السلسلة
عنوان السلسلة سلسلة اعمال الناس
650 04 - المدخل الاضافى بالموضوع-مصطلح موضوعى
مصطلح موضوعي الفنادق
التقسيم الفرعي العام تنظيم وادارة
650 04 - المدخل الاضافى بالموضوع-مصطلح موضوعى
مصطلح موضوعي العمل والعمال
650 04 - المدخل الاضافى بالموضوع-مصطلح موضوعى
مصطلح موضوعي الفادق
التقسيم الفرعي العام كتب الاطفال
650 04 - المدخل الاضافى بالموضوع-مصطلح موضوعى
مصطلح موضوعي الفادق
التقسيم الفرعي العام الجوانب الاجتماعية
710 2# - المدخل الاضافى - اسم هيئه
اسم الهيئة أو اسم السلطة كمدخل مركز التعريب والترجمة بمكتبة العبيكان
الدور مترجم
942 ## - عناصر المدخل الإضافي( كوها)
مصدر التصنيف او مخطط الترفيف Dewey Decimal Classification
Koha [default] item type كتاب
260 ## - PUBLICATION, DISTRIBUTION, ETC. (IMPRINT)
-- الرياض :
-- مكتبة العبيكان ،
Holdings
حالة التراجع حالة الفقد حالة تلف ليس للاعارة المكان المؤقت الموقع الحالى تاريخ الاكتساب اجمالي اﻻعارات رقم الطلب الباركود تاريخ اخر مشاهدة تاريخ تفعيل السعر نوع وعاء كوها
        مكتبة القاهرة الكبرى مكتبة القاهرة الكبرى 03/29/2015   331 ط/ف س 159962 03/29/2015 03/29/2015 كتاب

Powered By

EGPV